The Impact of Dietary Trends on Menu Offerings
| Szerző: | |
|---|---|
| További közreműködők: | |
| Dokumentumtípus: | Diplomadolgozat |
| Kulcsszavak: | 21th century Budapest business marketing cafetéria - kafetéria case studies decision making à la carte |
| Online Access: | http://dolgozattar.uni-bge.hu/59710 |
MARC
| LEADER | 00000nta a2200000 i 4500 | ||
|---|---|---|---|
| 001 | dolg59710 | ||
| 005 | 20260409145447.0 | ||
| 008 | 260409suuuu hu om 000 eng d | ||
| 040 | |a BGE Dolgozattár Repozitórium |b hun | ||
| 041 | |a en | ||
| 100 | 1 | |a Salamon Blanka | |
| 245 | 1 | 4 | |a The Impact of Dietary Trends on Menu Offerings |c Salamon Blanka |h [elektronikus dokumentum] |
| 520 | 3 | |a This thesis investigates the influence of food trends on brunch menu offerings in the culinary scene of Budapest, focusing on the increased popularity of dietary trends such as vegetarianism and veganism. The findings contextualised in this study are put into a broader historical and cultural context by tracing the development of brunch as a global phenomenon and its current popularity in Budapest’s food scene.Key findings of the questionnaire reveal that while classic brunch items are still popular, there is a notable growth regarding the demand for plant-based and meat-free alternatives. Most brunch cafés respond to this demand in Budapest proactively by introducing unconventional and creative vegetarian and vegan options, while challenges occurring were identified, including maintaining flavor and texture quality, balancing traditional and progressive offerings, and sustainable ingredient sourcing.This research of this paper is focusing on adaptability, flexibility and creativity in the matter of customer preference, showing how dietary trends can inspire brunch business managers and chefs to be innovative in menu development. It concludes, that the restaurants with a brunch profile in Budapest are successfully adapting to these global dietary trends, which further strengthens the reputation of the city as a forward-thinking gastronomic center. This thesis is contributory to the field of hospitality, as it puts dietary trends and menu offerings into perspective and provides a framework for further research on consumer behavior and market adaptation. | |
| 695 | |a 21th century | ||
| 695 | |a Budapest | ||
| 695 | |a business marketing | ||
| 695 | |a cafetéria - kafetéria | ||
| 695 | |a case studies | ||
| 695 | |a decision making | ||
| 695 | |a à la carte | ||
| 700 | 1 | |a Debreceni Dr. János |e ths | |
| 856 | 4 | 0 | |u http://dolgozattar.uni-bge.hu/59710/1/The%20Impact%20of%20Dietary%20Trends%20on%20Menu%20Offerings%20-%20Blanka%20Salamon.pdf |z Dokumentum-elérés |
| 856 | 4 | 0 | |u http://dolgozattar.uni-bge.hu/59710/2/250520_SalamonBlanka_Assessment.pdf |z Dokumentum-elérés |
| 856 | 4 | 0 | |u http://dolgozattar.uni-bge.hu/59710/3/Blanka_Salamon_opponent.pdf |z Dokumentum-elérés |